Biodirectory 1999

Content: cell biology assays; drug discovery technologies; DNA sequencing; electrophoresis systems

Gorde:
Xehetasun bibliografikoak
Formatua: Liburua
Hizkuntza:Undetermined
Argitaratua: Belgium Parmacia Biotech 1999
Gaiak:
Etiketak: Etiketa erantsi
Etiketarik gabe, Izan zaitez lehena erregistro honi etiketa jartzen!
Thư viện lưu trữ: Trung tâm Học liệu Trường Đại học Cần Thơ
LEADER 00600nam a2200193Ia 4500
001 CTU_192306
008 210402s9999 xx 000 0 und d
082 |a 570 
082 |b B615 
245 0 |a Biodirectory 1999 
245 0 |c Parmacia Biotech 
260 |a Belgium 
260 |b Parmacia Biotech 
260 |c 1999 
520 |a Content: cell biology assays; drug discovery technologies; DNA sequencing; electrophoresis systems 
650 |a Biological laboratories 
650 |x Equipment and supplies,Catalogs 
904 |i Tuyến 
980 |a Trung tâm Học liệu Trường Đại học Cần Thơ